Tenjo en palabras / (Registro nro. 7252)
[ vista simple ]
| 000 -LEADER | |
|---|---|
| fixed length control field | 01214nam a22002417a 4500 |
| 003 - CONTROL NUMBER IDENTIFIER | |
| control field | OSt |
| 005 - DATE AND TIME OF LATEST TRANSACTION | |
| control field | 20210219123742.0 |
| 008 - FIXED-LENGTH DATA ELEMENTS--GENERAL INFORMATION | |
| fixed length control field | 210219s1998 ck abo|gr|||| 00| 0 spa d |
| 040 ## - CATALOGING SOURCE | |
| Original cataloging agency | CO-JMCR |
| Transcribing agency | CO-JMCR |
| 041 0# - LANGUAGE CODE | |
| Language code of text/sound track or separate title | spa |
| 082 04 - DEWEY DECIMAL CLASSIFICATION NUMBER | |
| Classification number | 986.14 / |
| Item number | Z35t |
| Edition number | 23 |
| 100 1# - MAIN ENTRY--PERSONAL NAME | |
| Personal name | zapata Silva, Alfonso, |
| Relator term | autor |
| 9 (RLIN) | 13689 |
| 245 10 - TITLE STATEMENT | |
| Title | Tenjo en palabras / |
| Statement of responsibility, etc. | Alfonso Zapata Silva |
| 250 ## - EDITION STATEMENT | |
| Edition statement | Primera edición |
| 260 ## - PUBLICATION, DISTRIBUTION, ETC. | |
| Place of publication, distribution, etc. | Bogotá : |
| Name of publisher, distributor, etc. | Oveja Negra, |
| Date of publication, distribution, etc. | 1998 |
| 300 ## - PHYSICAL DESCRIPTION | |
| Extent | 264 páginas : |
| Other physical details | ilustraciones, mapas y fotografías a blanco y negro ; |
| Dimensions | 25 cm. |
| 504 ## - BIBLIOGRAPHY, ETC. NOTE | |
| Bibliography, etc. note | Bibliografía : páginas 264. |
| 505 ## - FORMATTED CONTENTS NOTE | |
| Formatted contents note | De la jerga popular -- Los oficios -- Del ambiente festivo y religioso -- de los juegos -- Alimentos y bebidas -- Remedios caseros -- Coplas, apuntes, dichos y adivinanzas -- Deportes y reinas, memoria visual -- Reseña histórica de Tenjo Polania Salavarrieta -- Relación de alcaldes y curas párrocos -- Principales aves de Tenjo -- Relaciones de fuentes directas |
| 650 14 - SUBJECT ADDED ENTRY--TOPICAL TERM | |
| Topical term or geographic name entry element | Vida social y costumbres |
| Geographic subdivision | Tenjo (Cundinamarca, Colombia) |
| 9 (RLIN) | 13690 |
| 651 24 - SUBJECT ADDED ENTRY--GEOGRAPHIC NAME | |
| Geographic name | Vida social y costumbres |
| Geographic subdivision | Tenjo (Cundinamarca, Colombia) |
| 9 (RLIN) | 13691 |
| 651 24 - SUBJECT ADDED ENTRY--GEOGRAPHIC NAME | |
| Geographic name | Tenjo (Cundinamarca, Colombia) |
| General subdivision | Historia |
| 9 (RLIN) | 13692 |
| 942 ## - ADDED ENTRY ELEMENTS (KOHA) | |
| Source of classification or shelving scheme | Dewey Decimal Classification |
| Koha item type | Books |
| Withdrawn status | Lost status | Source of classification or shelving scheme | Damaged status | Not for loan | Home library | Current library | Shelving location | Date acquired | Source of acquisition | Total Checkouts | Full call number | Barcode | Date last seen | Copy number | Price effective from | Koha item type |
|---|---|---|---|---|---|---|---|---|---|---|---|---|---|---|---|---|
| Dewey Decimal Classification | Biblioteca Pública José María del Castillo y Rada | Biblioteca Pública José María del Castillo y Rada | General Stacks | 10/02/2020 | Donación | 986.14 / Z35t | 201810301 | 05/16/2024 | Ej.1 | 10/02/2020 | Books |